000 00778nam a22002057a 4500
003 UA-OsUOA
001 40040
007 ta
008 20080526b un ||||| |||| 00| 0 ukr d
090 _a050
_bН73
942 _cMG
040 _aUA-OsUOA
_bukr
_cUA-OsUOA
_dUA-OsUOA
245 _aНові Дні
_b1990: №479, січ.; 1992: №505, бер., №511, жов.; 1993: №522, вер., №525, груд.;1994: №526, січ, №527-528, лют.-бер., №529-530, квіт.-трав.
955 _a4
041 _aukr
080 _a050
260 _aТоронто
650 7 _a050 Серійні публікації. Періодика галузі, Організація та інші типи поєднання (співробітництва)
_2UDC
999 _c438564
_d438564